LIBRARY & INFORMATION CENTRE, KCAET, TAVANUR

ONLINE PUBLIC ACCESS CATALOGUE (OPAC)

Practical Machinery Management for Process Plants Vol.4: | Major Process Equipment Maintenance and Repair (Record no. 19419)

MARC details
000 -LEADER
fixed length control field 00523nam a22001817a 4500
003 - CONTROL NUMBER IDENTIFIER
control field OSt
008 - FIXED-LENGTH DATA ELEMENTS--GENERAL INFORMATION
fixed length control field 250220b |||||||| |||| 00| 0 eng d
020 ## - INTERNATIONAL STANDARD BOOK NUMBER
ISBN 9 780884 156635
041 ## - LANGUAGE CODE
Language code of text/sound track or separate title eng
082 ## - DEWEY DECIMAL CLASSIFICATION NUMBER
Classification number 660.2830288
Item number PRA/BL
100 ## - MAIN ENTRY--AUTHOR NAME
Personal name Bloch, Heinz P
245 ## - TITLE STATEMENT
Title Practical Machinery Management for Process Plants Vol.4:
Remainder of title Major Process Equipment Maintenance and Repair
250 ## - EDITION STATEMENT
Edition statement 2nd
260 ## - PUBLICATION, DISTRIBUTION, ETC. (IMPRINT)
Place of publication Texas:
Name of publisher Gulf Publishing Company,
Year of publication 1985.
300 ## - PHYSICAL DESCRIPTION
Number of Pages 699p.
700 ## - ADDED ENTRY--PERSONAL NAME
Personal name Geitner, Fred K
942 ## - ADDED ENTRY ELEMENTS (KOHA)
Koha item type Books
Holdings
Withdrawn status Lost status Damaged status Home library Current library Shelving location Date acquired Cost, normal purchase price Full call number Accession Number Koha item type
      KAUAET KAUAET Reference 20/02/2025 95.00 660.2830288 PRA/BL 20362 Books
free website counter